LDR 01126naa#a2200205#i#450# 001 RU\\bibl\115385 005 20260430131156.4 011 ## _a1994-4683 100 ## _a20260429b2026####ek#y0rusy0150####ca 102 ## _aRU 200 1# _aСравнительный анализ соревновательной деятельности борцов греко-римского стиля чемпионата России и чемпионата мира 2025 _eЖурнальная статья 210 1# _aМосква _cНациональный государственный Университет физической культуры, спорта и здоровья им. П.Ф. Лесгафта _d2026 215 ## _a4 с. 608 ## _aЖурнальная статья _2local 675 ## _aКлассическая борьба. 796.82 _z 700 #1 _aФедоров _gГригорий Павлович 700 #1 _aНеробеев _gНиколай Юрьевич 700 #1 _aЛевицкий _gАлексей Григорьевич 700 #1 _aДенисенко _gАндрей Николаевич 856 4# _auchzapiski.lesgaft.spb.ru _u